| 000 | 00000nam 2200000zi 4500 |
| 001 | 9.920860 |
| 003 | CaOODSP |
| 005 | 20230505111247 |
| 006 | m o d f |
| 007 | cr ||||||||||| |
| 008 | 230313t20222022onc o f000 0 fre d |
| 020 | |a9780660479972 |
| 040 | |aCaOODSP|bfre|erda|cCaOODSP |
| 043 | |an-cn--- |
| 086 | 1 |aH164-347/2-2023F-PDF |
| 245 | 00|aExemples d'exigences en matière de preuves cliniques pour les instruments médicaux. |
| 264 | 1|aOttawa (Ontario) : |bSanté Canada = Health Canada, |c2022. |
| 264 | 4|c©2022 |
| 300 | |a1 ressource en ligne (v, 13 pages) |
| 336 | |atexte|btxt|2rdacontent/fre |
| 337 | |ainformatique|bc|2rdamedia/fre |
| 338 | |aressource en ligne|bcr|2rdacarrier/fre |
| 500 | |aPublié aussi en anglais sous le titre : Examples of clinical evidence requirements for medical devices. |
| 650 | 6|aMédecine|xAppareils et instruments|xNormes|zCanada. |
| 650 | 6|aMeĢdecine|xAppareils et instruments|xPolitique gouvernementale|zCanada. |
| 710 | 1 |aCanada. |bSanté Canada, |eorganismes de publication. |
| 775 | 08|tExamples of clinical evidence requirements for medical devices.|w(CaOODSP)9.920859 |
| 856 | 40|qPDF|s619 Ko|uhttps://publications.gc.ca/collections/collection_2023/sc-hc/H164-347-2-2023-fra.pdf |
| 986 | |a220810 |